000 00826cab a2200241 4500
001 WB3129-27
008 090401t1995 xxu||||| |||| 00| 0 eng d
035 _a(Sirsi) u40940
041 _aeng
245 _aS&N take over of Courage approved
260 _c1995
350 _a0
490 _aFinancial Times
_v22 July 1995, 18;9&8
490 _aTimes
_vss jUly 1995, 21(3)
520 _aDespite reservations by the Office of Fair Trading the DTI has given approval for Scottish and Newcastle`s to take over Courage which could make S&N the largest brewer in the UK. Bass has purchased the Harvester chain from Forte.
650 _aBEER ORDERS 1989
650 _aBREWING INDUSTRY
650 _aCOURAGE
650 _aSCOTTISH AND NEWCASTLE
690 _aLEISURE AND RECREATION
942 _n0
948 _c04/03/1997
999 _c26257
_d26257